10 największych miast Irlandii - Statystyki

Ogólne statystyki
  • Ten quiz został rozwiązany 56 razy
  • Średni wynik to 4 z 10
Statystyki odpowiedzi
# Populacja Odpowiedź % Poprawnych
1. 588 233 Dublin
100%
2. 222 333 Cork
91%
3. 46 732 Galway
51%
4. 57 106 Limerick
47%
5. 46 732 Waterford
34%
6. 31 073 Dundalk
21%
7. 30 435 Drogheda
19%
8. 26 731 Bray
6%
9. 24 507 Dún Laoghaire
6%
10. 20 753 Tralee
6%
Nie znaleziono quizów pasujących do podanych kryteriów
Rozkład punktacji
Procent ludzi z każdym wynikiem
Percentyl według liczby udzielonych odpowiedzi
Twoja historia wyników
Nie rozwiązałeś tego quizu